South African Property Owners Association (Record no. 120242)
[ view plain ]
| 000 -LEADER | |
|---|---|
| fixed length control field | 00822cam a2200193 4500 |
| 001 - CONTROL NUMBER | |
| control field | WS121812 |
| 008 - FIXED-LENGTH DATA ELEMENTS--GENERAL INFORMATION | |
| fixed length control field | 030331n 000 0 eng u |
| 035 ## - SYSTEM CONTROL NUMBER | |
| System control number | (Sirsi) u121812 |
| 110 ## - MAIN ENTRY--CORPORATE NAME | |
| Corporate name or jurisdiction name as entry element | South African Property Owners Association |
| 9 (RLIN) | 4418 |
| 245 ## - TITLE STATEMENT | |
| Title | South African Property Owners Association |
| 520 ## - SUMMARY, ETC. | |
| Summary, etc. | Web site for this South African organisation established to bring together all the role players in the commercial property market. Includes news stories, details of publications, links to the 'SA Property Review' and details of courses. |
| 650 ## - SUBJECT ADDED ENTRY--TOPICAL TERM | |
| Topical term or geographic name entry element | REPUBLIC OF SOUTH AFRICA |
| 650 ## - SUBJECT ADDED ENTRY--TOPICAL TERM | |
| Topical term or geographic name entry element | LEGISLATION |
| 650 ## - SUBJECT ADDED ENTRY--TOPICAL TERM | |
| Topical term or geographic name entry element | INTERNATIONAL |
| 650 ## - SUBJECT ADDED ENTRY--TOPICAL TERM | |
| Topical term or geographic name entry element | ORGANISATION |
| 690 ## - LOCAL SUBJECT ADDED ENTRY--TOPICAL TERM (OCLC, RLIN) | |
| Topical term or geographic name as entry element | PROPERTY-COMMERCIAL PROPERTY |
| 856 40 - ELECTRONIC LOCATION AND ACCESS | |
| Uniform Resource Identifier | <a href="https://www.sapoa.org.za">https://www.sapoa.org.za</a> |
| Public note | View the website free of charge at www.sapoa.org.za... |
| 942 ## - ADDED ENTRY ELEMENTS (KOHA) | |
| Suppress in OPAC | 0 |
| Withdrawn status | Lost status | Source of classification or shelving scheme | Damaged status | Not for loan | Home library | Current library | Shelving location | Date acquired | Total Checkouts | Full call number | Barcode | Date last seen | Copy number | Price effective from | Koha item type |
|---|---|---|---|---|---|---|---|---|---|---|---|---|---|---|---|
| Dewey Decimal Classification | Virtual | Virtual | Online | 31/03/2003 | WEB SITE | 121812-2001 | 06/08/2019 | 1 | 06/08/2019 | Online material |